[Event "Tournoi francophone 005 Groupe B"]
[Site "Skype"]
[Date "????.??.??"]
[Round "9.2"]
[White "Bousbia, Amine"]
[Black "Gerbaux, Regis"]
[Result "1-0"]
[WhiteElo "1776"]
[BlackElo "1505"]
[PlyCount "35"]

1. e4 c5 2. Nc3 e6 3. g3 g6 4. Bg2 Bg7 5. d3 Nf6 6. Be3 d6 7. Qd2 O-O 8. h4
Nbd7 9. Bh6 Ng4 10. Bxg7 Kxg7 11. h5 Qf6 12. hxg6 fxg6 13. f3 Nge5 14. Qh6+ Kf7
15. Qxh7+ Qg7 16. Nb5 Nf6 17. Nxd6+ Ke7 18. Qxg7+ 1-0

[Event "Tournoi francophone 005 Groupe B"]
[Site "Skype"]
[Date "????.??.??"]
[Round "9.3"]
[White "Sauvaget, Joel"]
[Black "Brun, Jacques"]
[Result "0-1"]
[WhiteElo "1580"]
[BlackElo "1774"]
[PlyCount "92"]

1. d4 g6 2. Nf3 Bg7 3. c3 f5 4. Bf4 Nf6 5. h3 O-O 6. e3 d6 7. Bc4+ e6 8. O-O
Re8 9. Nbd2 h6 10. Re1 Kh7 11. Bd3 Nbd7 12. e4 e5 13. Bh2 f4 14. Kh1 g5 15. Ng1
c5 16. d5 a6 17. Nf1 Nf8 18. g4 fxg3 19. Bxg3 Ng6 20. f3 Nh5 21. Re2 Nhf4 22.
Bxf4 Nxf4 23. Rh2 Bd7 24. Ng3 Kg6 25. N3e2 Nh5 26. Rg2 Rf8 27. Qd2 Kh7 28. Rf1
Nf4 29. Nxf4 gxf4 30. Rh2 Bf6 31. Rff2 Bh4 32. Re2 Qc8 33. Qd1 Bg3 34. Bc2 Rg8
35. c4 b5 36. b3 Rg5 37. Qf1 bxc4 38. bxc4 Rb8 39. h4 Rh5 40. Rd2 Qd8 41. Bd3
Bxh2 42. Rxh2 Rxh4 43. Qg2 Qe7 44. Rxh4 Qxh4+ 45. Qh2 Qxh2+ 46. Kxh2 Rb2+ 0-1

[Event "Tournoi francophone 005 Groupe B"]
[Site "Skype"]
[Date "????.??.??"]
[Round "9.5"]
[White "Gharbi, Said"]
[Black "Siret, Bernard"]
[Result "0-1"]
[WhiteElo "1653"]
[BlackElo "1714"]
[PlyCount "74"]

1. e4 c5 2. Bc4 e6 3. Nf3 Nc6 4. c3 d5 5. exd5 exd5 6. Bb3 Nf6 7. d4 c4 8. Ba4
Bd7 9. O-O Be7 10. Re1 O-O 11. b3 a6 12. bxc4 dxc4 13. Nbd2 b5 14. Bc2 h6 15.
a4 Nd5 16. Bb2 Rb8 17. axb5 axb5 18. Ne5 Bd6 19. Qf3 Nce7 20. Ra7 Be6 21. Bf5
Nxf5 22. Nc6 Qb6 23. Nxb8 Qxa7 24. Nc6 Qb6 25. Ne5 Nfe7 26. Qg3 Bxe5 27. Rxe5
Ng6 28. Rh5 Ngf4 29. Re5 Nd3 30. Rh5 N5f4 31. Qf3 Nxh5 32. Ba3 Nf6 33. Bxf8
Kxf8 34. Qa8+ Ke7 35. d5 Bxd5 36. Qa3+ Ke8 37. Nf1 Qxf2+ 0-1